000 01255nam a2200313 i 4500
003 EG-GICUC
005 20260509195940.0
008 260426s2001 |||||||fr|||| 00| 0 ara d
040 _a EG-GICUC
_bara
_c EG-GICUC
_d EG-GICUC
_erda
082 0 4 _221
_a341.71
_bاس . ع
092 0 4 _221
099 _aLaw1 11 341.71 اس . ع 2001
100 0 _aإسماعيل صبرى مقلد
_eمؤلف.
245 1 2 _aالعلاقات السياسية الدولية النظرية والواقع /
_b
_cدكتور إسماعيل صبرى مقلد.
250 _aالطبعة الاولى
264 1 _aالجيزة :
_bالمكتبة الأكاديمية،
_c2001.
300 _a383صفحة
_bإيضاحيات، صور، مثيليات ؛
_c24 سم
336 _2rda content
_atext
337 _2rda media
_aComputer
338 _2rda carrier
_aOnline Resource
504 _a. 240-220 ببليوجرافيا: صفحات.
546 _aالنص باللغة العربية
590 _aإهداء مكتبة الأستاذ الدكتور صلاح عامر
650 1 4 _aالسياسة الدولية-العلاقات
_2
651 1 _2
856 4 0 _uhttps://fll.law.cu.edu.eg/fulltext/bks/B11-10055.pdf
905 _a50
942 _2ddc
_cBK
_e21
_n0
999 _c73387
_d73387